The Quiz Stats

Quiz not verified by Sporcle

Challenge
Share
Tweet
Embed
Score 0/12 Timer 10:00
0 Plays Today
Hint Answer % Correct
The New Leader of the pack by popular demand since the old leader decided to be lame last weekend and not hang out with usWrobo
100%
The New Leader's best friendJoe Staud
100%
Who refers to the GOAT asLebron
100%
Who would lose to this person in a game of 1 on 1Liam
100%
Whose doubles partner isWilbur
100%
Who is way cooler thanLeo
100%
Who is this person's favorite characterJoe Pa
100%
Who wishes he was as cool as the new leaderConnor
100%
Who is immensely jealous of the new leader now for obvious reasonsJoe Kelley
100%
Who had to be put in this quiz because I had nobody else to put in and I don't know how to delete a rowRam
100%
Who this person secretly wishes he wasLauer
66.7%
Who would rather be called this nameMr. White
33.3%

You're not logged in!

Compare scores with friends on all Sporcle quizzes.
Join for Free
OR
Log In

You Might Also Like...

Show Comments

Extras

Top Quizzes Today


Score Distribution

Your Account Isn't Verified!

In order to create a playlist on Sporcle, you need to verify the email address you used during registration. Go to your Sporcle Settings to finish the process.

Report this User

Report this user for behavior that violates our Community Guidelines.

Details: